Freedom at midnight / (Record no. 137135)

MARC details
000 -LEADER
fixed length control field 00552nam a2200193 4500
010 ## - LIBRARY OF CONGRESS CONTROL NUMBER
LC control number 793781
035 ## - SYSTEM CONTROL NUMBER
System control number 793781
037 ## - SOURCE OF ACQUISITION
Source of stock number/acquisition Cen Lib / Ret
040 ## - CATALOGING SOURCE
Original cataloging agency DPL
Language of cataloging EN
082 ## - DEWEY DECIMAL CLASSIFICATION NUMBER
Classification number 954.0841
Item number COL
100 ## - MAIN ENTRY--PERSONAL NAME
Personal name Collins, Larry
245 ## - TITLE STATEMENT
Title Freedom at midnight /
Statement of responsibility, etc by Larry Collins [and] Dominique Lapierre
260 ## - PUBLICATION, DISTRIBUTION, ETC. (IMPRINT)
Place of publication, distribution, etc New Delhi
Name of publisher, distributor, etc Vikas Publishing House
Date of publication, distribution, etc 1976
300 ## - PHYSICAL DESCRIPTION
Extent 500p ;
Dimensions 27cm(Hb)
650 ## - SUBJECT ADDED ENTRY--TOPICAL TERM
Topical term or geographic name as entry element India -- History -- 1947-
650 ## - SUBJECT ADDED ENTRY--TOPICAL TERM
Topical term or geographic name as entry element India
700 ## - ADDED ENTRY--PERSONAL NAME
Personal name Lapierre, Dominique
942 ## - ADDED ENTRY ELEMENTS (KOHA)
Source of classification or shelving scheme Dewey Decimal Classification
Koha item type English Books
Classification part 954.0841
Call number suffix COL
Holdings
Withdrawn status Lost status Damaged status Not for loan Home library Current library Date acquired Source of acquisition Total Checkouts Full call number Barcode Date last seen Copy number Price effective from Koha item type Public note
Written off       Central Library Central Library 19/03/2016 Cen Lib/Ret   954.0841 COL 793781 19/03/2016 1 19/03/2016 English Books W/d List No. 8130/10; dtd 18.2.2017

© Delhi Public Library
Hit Counter
free hit counter